000 00441nam a2200169 i 4500
001 56224
003 ES-MaACL
005 20230906163318.0
007 t|
008 031006s1979 sp ||||1| spa d
080 _a(031)
245 0 0 _aDiccionario de las Américas.
260 _aBarcelona :
_bPlaza & Janés,
_c[1979]
300 _a688 h. :
_b1 mapa pleg., il. ;
_c22 cm.
650 4 _aEnciclopedias.
_912235
852 4 _aES-MaACL
_jC-6100
999 _c56224
_d56224